000 00746cab a2200193 4500
001 ABS38103
008 090401t1987 xxu||||| |||| 00| 0 eng d
035 _a(Sirsi) u8743
041 _aeng
100 _aO`Hare, M.
245 _aEstate agency chains: management and marketing challenges
260 _c1987
350 _a0
490 _aEstates Gazette
_v283(6348) 22 August 1987, 816(1)
520 _aAnalyses the acquisition of estate agencies by the financial institutions over the past two years and examines the problems these new nationwide chains are now facing, particularly in the areas of management and marketing . Figures.
690 _aMANAGEMENT-BUSINESS MANAGEMENT-PROFESSIONAL PRACTICE
942 _n0
948 _c04/03/1997
999 _c5421
_d5421